000 00949nam a22002297a 4500
003 BD-RjUL
005 20221119150425.0
008 221119s2002 bg a|||| m||| 00| 0 eng d
035 _a(BD-RjUL)
040 _aBD-RjUL
_beng
_cBD-RjUL
_dBD-RjUL
041 _aeng
082 _223
_a551.35
_bREG 2002
100 _aReza, A.H.M. Selim
_95901
245 1 0 _aGeo-electrical studies in the high Barind, Bangladesh for evaluating Aquifer geometry of the area /
_cSubmitted by A.H.M. Selim Reza ;
_6Supervisor : Mushfique, Ahmed & Quamrul, Hasan Mazumder
260 _aRajshahi :
_bDepartment of Geology and Mining, University of Rajshahi,
_c2002
300 _ax, 137 leaves :
_bill, ;
_c29.cm.
502 _aThesis (M. Phil.) -- Department of Geology and Mining, University of Rajshahi, 2002
650 _aWater
_vGeology
_95902
700 _aAhmed, Mushfique, Supervisor
_95752
700 _aMazumder, Quamrul, Hasan, Supervisor
_95903
942 _2ddc
_cTHE
999 _c80802
_d80802